<?xml version="1.0" encoding="UTF-8"?>
<record
    xmlns:xsi="http://www.w3.org/2001/XMLSchema-instance"
    xsi:schemaLocation="http://www.loc.gov/MARC21/slim http://www.loc.gov/standards/marcxml/schema/MARC21slim.xsd"
    xmlns="http://www.loc.gov/MARC21/slim">

  <leader>00416nam a2200157   4500</leader>
  <controlfield tag="005">20260220090301.0</controlfield>
  <controlfield tag="008">230720b        |||||||| |||| 00| 0 eng d</controlfield>
  <datafield tag="020" ind1=" " ind2=" ">
    <subfield code="a">9966962212</subfield>
  </datafield>
  <datafield tag="040" ind1=" " ind2=" ">
    <subfield code="c">Chuka University Library</subfield>
  </datafield>
  <datafield tag="050" ind1=" " ind2=" ">
    <subfield code="a">PL 8701.9</subfield>
    <subfield code="b">.K57N3 1997</subfield>
  </datafield>
  <datafield tag="100" ind1=" " ind2=" ">
    <subfield code="a">Kithaka wa Mberia</subfield>
    <subfield code="9">10799</subfield>
  </datafield>
  <datafield tag="245" ind1=" " ind2=" ">
    <subfield code="a">Natala</subfield>
  </datafield>
  <datafield tag="260" ind1=" " ind2=" ">
    <subfield code="a"> Nairobi</subfield>
    <subfield code="b">Marimba Publications Ltd</subfield>
    <subfield code="c">1997</subfield>
  </datafield>
  <datafield tag="300" ind1=" " ind2=" ">
    <subfield code="a">61p.</subfield>
  </datafield>
  <datafield tag="942" ind1=" " ind2=" ">
    <subfield code="2">lcc</subfield>
    <subfield code="c">BK</subfield>
    <subfield code="n">0</subfield>
    <subfield code="0">5</subfield>
  </datafield>
  <datafield tag="952" ind1=" " ind2=" ">
    <subfield code="0">0</subfield>
    <subfield code="1">0</subfield>
    <subfield code="2">lcc</subfield>
    <subfield code="4">0</subfield>
    <subfield code="7">0</subfield>
    <subfield code="8">LGL</subfield>
    <subfield code="a">CHK</subfield>
    <subfield code="b">CHK</subfield>
    <subfield code="c">GEN</subfield>
    <subfield code="d">2023-07-20</subfield>
    <subfield code="l">3</subfield>
    <subfield code="o">PL 8701.9 .K57N3 1997</subfield>
    <subfield code="p">21024/2021</subfield>
    <subfield code="r">2026-03-04 09:05:20</subfield>
    <subfield code="s">2026-02-20</subfield>
    <subfield code="t">3</subfield>
    <subfield code="w">2023-07-20</subfield>
    <subfield code="y">BK</subfield>
  </datafield>
  <datafield tag="952" ind1=" " ind2=" ">
    <subfield code="0">0</subfield>
    <subfield code="1">0</subfield>
    <subfield code="2">lcc</subfield>
    <subfield code="4">0</subfield>
    <subfield code="7">0</subfield>
    <subfield code="a">CHK</subfield>
    <subfield code="b">CHK</subfield>
    <subfield code="d">2024-04-19</subfield>
    <subfield code="l">1</subfield>
    <subfield code="o">PL 8701.9 .K57N3 1997</subfield>
    <subfield code="p">21052/2021</subfield>
    <subfield code="r">2024-05-03 00:00:00</subfield>
    <subfield code="s">2024-04-19</subfield>
    <subfield code="t">2</subfield>
    <subfield code="w">2024-04-19</subfield>
    <subfield code="y">BK</subfield>
  </datafield>
  <datafield tag="952" ind1=" " ind2=" ">
    <subfield code="0">0</subfield>
    <subfield code="1">0</subfield>
    <subfield code="2">lcc</subfield>
    <subfield code="4">0</subfield>
    <subfield code="7">0</subfield>
    <subfield code="8">LGL</subfield>
    <subfield code="a">CHK</subfield>
    <subfield code="b">CHK</subfield>
    <subfield code="c">FIC</subfield>
    <subfield code="d">2024-07-16</subfield>
    <subfield code="l">1</subfield>
    <subfield code="o">PL 8701.9 .K57N3 1997</subfield>
    <subfield code="p">21022/2021</subfield>
    <subfield code="q">2026-03-06</subfield>
    <subfield code="r">2026-02-20 09:03:01</subfield>
    <subfield code="s">2026-02-20</subfield>
    <subfield code="t">1</subfield>
    <subfield code="w">2024-07-16</subfield>
    <subfield code="y">BK</subfield>
  </datafield>
  <datafield tag="999" ind1=" " ind2=" ">
    <subfield code="c">14744</subfield>
    <subfield code="d">14744</subfield>
  </datafield>
</record>
